Exports sea of Indian raw cotton classified by varieties (Record no. 763563)

MARC details
000 -LEADER
fixed length control field 01740nas a2200445 a 4500
001 - CONTROL NUMBER
control field vtls000943215
003 - CONTROL NUMBER IDENTIFIER
control field NLI
005 - DATE AND TIME OF LATEST TRANSACTION
control field 20210627091235.0
008 - FIXED-LENGTH DATA ELEMENTS--GENERAL INFORMATION
fixed length control field 111102c19569999ii an p s0 0eng
039 #9 - LEVEL OF BIBLIOGRAPHIC CONTROL AND CODING DETAIL [OBSOLETE]
-- 201111021743
-- VLOAD
040 ## - CATALOGING SOURCE
Original cataloging agency NLI
Language of cataloging eng
Transcribing agency Datasoft_IOD
Description conventions AACR2
041 0# - LANGUAGE CODE
Language code of text/sound track or separate title eng
044 ## - COUNTRY OF PUBLISHING/PRODUCING ENTITY CODE
MARC country code ii
082 04 - DEWEY DECIMAL CLASSIFICATION NUMBER
Classification number 338.17351(54)
110 1# - MAIN ENTRY--CORPORATE NAME
Corporate name or jurisdiction name as entry element Indian Central Cotton Committee (Bombay)
9 (RLIN) 779762
245 10 - TITLE STATEMENT
Title Exports sea of Indian raw cotton classified by varieties
Inclusive dates 1955-56 /
Statement of responsibility, etc. Indian Central Cotton Committee, Government of India
260 ## - PUBLICATION, DISTRIBUTION, ETC.
Place of publication, distribution, etc. Bombay :
Name of publisher, distributor, etc. The Government of Press,
Date of publication, distribution, etc. 1956-
300 ## - PHYSICAL DESCRIPTION
Extent -v. ;
Dimensions 22 cm.
310 ## - CURRENT PUBLICATION FREQUENCY
Current publication frequency Annual
362 1# - DATES OF PUBLICATION AND/OR SEQUENTIAL DESIGNATION
Dates of publication and/or sequential designation 1955-60, 1962-65
500 ## - GENERAL NOTE
General note Library has 1955-56, 1956-57, 1957-58, 1958-59, 1959-60, 1962-63, 1963-64 and 1964-65
500 ## - GENERAL NOTE
General note Library has 2 cops.
650 #0 - SUBJECT ADDED ENTRY--TOPICAL TERM
Topical term or geographic name entry element Cotton growing
Geographic subdivision India
Form subdivision Periodicals
9 (RLIN) 884670
650 #0 - SUBJECT ADDED ENTRY--TOPICAL TERM
Topical term or geographic name entry element Cotton trade
Geographic subdivision India
Form subdivision Periodicals
9 (RLIN) 884671
650 #0 - SUBJECT ADDED ENTRY--TOPICAL TERM
Topical term or geographic name entry element Agricultural industries
Geographic subdivision India
Form subdivision Periodicals
887 ## - NON-MARC INFORMATION FIELD
Content of non-MARC field
901 ## - LOCAL DATA ELEMENT A, LDA (RLIN)
a 37548 date
b 15.06.1964
9 1955-56, no.23
901 ## - LOCAL DATA ELEMENT A, LDA (RLIN)
a 37549 date
b 15.06.1964
9 1956-57, no.24
901 ## - LOCAL DATA ELEMENT A, LDA (RLIN)
a G 7504 date
b 10.09.1963
9 1957-58, no.25
901 ## - LOCAL DATA ELEMENT A, LDA (RLIN)
a 133392 date
b 10.08.1959
9 1957-58, no.25, c.2
901 ## - LOCAL DATA ELEMENT A, LDA (RLIN)
a 16236 date
b 15.09.1960
9 1958-59, no.26
901 ## - LOCAL DATA ELEMENT A, LDA (RLIN)
a 23862 date
b 26.06.1961
9 1959-60, no.27
901 ## - LOCAL DATA ELEMENT A, LDA (RLIN)
a 48059 date
b 04.02.1967
9 1962-63, 1963-64 and 1964-65
902 ## - LOCAL DATA ELEMENT B, LDB (RLIN)
a GP 338.17351(54) Inex
949 ## - LOCAL PROCESSING INFORMATION (OCLC)
-- VIRTUAITEM
-- 10003
-- 100
6 IOD000133392ENG
9 1957-58 no.25
942 ## - ADDED ENTRY ELEMENTS (KOHA)
Source of classification or shelving scheme Dewey Decimal Classification
Koha item type Books
949 ## - LOCAL PROCESSING INFORMATION (OCLC)
-- VIRTUAITEM
-- 10003
-- 100
6 IOD000016236ENG
9 1958-59 no.26
949 ## - LOCAL PROCESSING INFORMATION (OCLC)
-- VIRTUAITEM
-- 10003
-- 100
6 IOD000048059ENG
9 1962-63 1963-64 and 1964-65
Holdings
Withdrawn status Lost status Damaged status Not for loan Collection code Home library Current library Shelving location Date acquired Total Checkouts Full call number Barcode Date last seen Price effective from Koha item type
        Government Publications National Library of India National Library of India Annexe Reading Room & Stack Division     GP 338.17351(54) Inex IOD000133392ENG 27/06/2021 27/06/2021 Books
        Government Publications National Library of India National Library of India Annexe Reading Room & Stack Division     GP 338.17351(54) Inex IOD000016236ENG 27/06/2021 27/06/2021 Books
        Government Publications National Library of India National Library of India Annexe Reading Room & Stack Division     GP 338.17351(54) Inex IOD000048059ENG 27/06/2021 27/06/2021 Books
                                                                           
web counter

Copyright ©2020 The National Library of India, Govt. of India ↔ Hosted by NVLI, MOC ↔ Technology and Design by National Library of India, Ministry of Culture, Govt. of India